Odbornosť, nezaujatosť a nestraníckosť
Uplatňovanie etického kódexu verejného činiteľa v štátoch EÚ. Legislatívna úprava národných etických kódexov. Všeobecné morálne princípy. Konflikt záujmov a verejný činiteľ. Princíp integrity. Etické vymedzenie správania sa verejných činiteľov.
Na minha lista:
| Autor principal: | |
|---|---|
| Formato: | Capítulo de Livro |
| Idioma: | eslovaco |
| Assuntos: | |
| Tags: |
Sem tags, seja o primeiro a adicionar uma tag!
|
MARC
| LEADER | 00000naa a2200000 4500 | ||
|---|---|---|---|
| 001 | r039275 | ||
| 005 | 20230927091134.6 | ||
| 041 | 0 | |a slo | |
| 044 | |a SK | ||
| 245 | 1 | 0 | |a Odbornosť, nezaujatosť a nestraníckosť |c Alexander Thurzo |
| 520 | |a Uplatňovanie etického kódexu verejného činiteľa v štátoch EÚ. Legislatívna úprava národných etických kódexov. Všeobecné morálne princípy. Konflikt záujmov a verejný činiteľ. Princíp integrity. Etické vymedzenie správania sa verejných činiteľov. | ||
| 610 | 2 | 0 | |a kódexy etické |
| 610 | 2 | 0 | |a morálka |
| 610 | 2 | 0 | |a konflikt záujmov |
| 610 | 2 | 0 | |a činiteľ ľudský |
| 610 | 2 | 0 | |a správa štátna |
| 610 | 2 | 0 | |a správa verejná |
| 610 | 2 | 0 | |a politika |
| 610 | 2 | 0 | |a Európska únia |
| 610 | 2 | 0 | |a Slovensko |
| 100 | 1 | |a Thurzo, Alexander | |